000 00535nam a2200181Ia 4500
003 IN-BaIIA
008 211028s9999 xx 000 0 eng d
020 _a0-471-27729-0
040 _cIIA Library
080 _a535
_bPHY
245 0 _aPhysics programs
_boptics
_cedited by A. D. Boardman
260 _aChichester
_bJohn Wiley & Sons
_c1980
300 _avii, 123p.
650 _aAstronomy and astrophysics thesaurus
650 _aOptics
700 _aBoardman, A. D., ed.
_911783
942 _cBK
999 _c6877
_d6877